Sondeo sobre necesidades de equipo para la transmisión de datos en empresas privadas del Valle Central. En los próximos tres anos

Gardado en:
Detalles Bibliográficos
Autor Principal: Vega Porras, Laurence
Outros autores: Mangel Heredia, Christian
Formato: Libro
Publicado: San José, Costa Rica 1990
Materias:
Etiquetas: Engadir etiqueta
Sen Etiquetas, Sexa o primeiro en etiquetar este rexistro!

MARC

LEADER 00000nam a2200000Ia 4500
003 004998
005 20221231144332.0
008 140114s1990 cr a m 000 ||s d
040 |c cru CEDI 
090 |a TFG 2360 
100 |a Vega Porras, Laurence  |9 12988 
245 |a Sondeo sobre necesidades de equipo para la transmisión de datos en empresas privadas del Valle Central. En los próximos tres anos 
260 |c 1990  |a San José, Costa Rica 
300 |a  xiii, 85 hojas : ilustraciones ; 28 cm  
500 |a  Proyecto de graduación (bachillerato en ingeniería el+ectrica)-- Universidad de Costa Rica. Facultad de Ingeniería. Escuela de Ingeniería Eléctrica 
650 |x SISTEMAS DE TRANSMISION DE DATOS   |x EMPRESAS PRIVADAS - COSTA RICA  |9 12990 
700 |9 12989  |a Mangel Heredia, Christian 
942 |c TFG 
999 |c 20341  |d 20341